Statistics for USA Peak Immigration by Country

Click here to take the quiz!

General Stats

  • This quiz has been taken 36 times
  • The average score is 25 of 33

Answer Stats

CountryGrowthDecade% Correct
Italy859k1900s
97%
Mexico4,879k1990s
97%
India862k2010s
97%
Germany818k1880s
94%
Ireland649k1850s
88%
Cuba360k1960s
88%
El Salvador371k1980s
88%
Vietnam445k1990s
88%
China816k2010s
88%
Philippines456k1990s
85%
Russia760k1900s
79%
Poland555k1900s
79%
Guatemala342k2000s
79%
Hungary350k1900s
76%
South Korea296k1990s
73%
Dominican Republic340k1990s
73%
Venezuela316k2010s
73%
Jamaica219k1990s
70%
Haiti194k1990s
70%
Honduras240k2000s
70%
Sweden284k1880s
67%
Japan101k1970s
67%
Laos100k1980s
67%
Taiwan169k1980s
67%
Pakistan131k1990s
67%
Ecuador156k1990s
67%
Colombia224k1990s
67%
Peru141k2000s
67%
Ethiopia104k2000s
67%
Bangladesh115k2010s
67%
Norway141k1880s
61%
England238k1880s
61%
Scotland100k1920s
58%

Score Distribution

Percentile by Number Answered

Percent of People with Each Score

Your Score History

You have not taken this quiz